000 00389cam a2200169ua 4500
020 _c3.00
041 _amal
_h
082 _a894.8122
_bBHA/YU
100 _aBhasi, Thoppil.
245 _aYudhakandam /
_cThoppil Bhasi.
_hTextual Documents
260 _aQuilon :
_bM.S.Printers ,
_c1966.
300 _a184 ; .
365 _a3.00
504 _a
942 _cBK
999 _c806
_d806